• 首页
  • 本馆介绍
  • 公告通知
  • 最新文献
  • 馆藏检索
  • 电子资源
  • 读者导购
  • 参考咨询
  • 我的图书馆
  • 登录
  • 详细信息显示
  • 放入我的书架
  • 预约/预借图书
  • 作者相关作品
  • 分类相关作品
  • 丛书相关作品
  • 出版社相关作品

书目信息

  • 表格格式
  • 工作单格式
  • 卡片格式
题名:
电子元器件参数计量测试大全
    
 
作者: ;本书编委会 编
分册:  
出版信息: 北京   电子工业出版社  1989.9
页数: 771页
开本: 26厘米
丛书名:
单 册:
中图分类: TN607 , TN06-62
科图分类:
主题词: 通信技术--参数--手册--测试技术 , 电子器件--参数--手册 , 无线电技术--测试技术 , 通信技术--测试装置 , 无线电技术--测试装置
电子资源:
ISBN: 7-5053-0430-5
000 01162nam0 2200289 45
001 0190004873
005 20061123110232.73
010    @a7-5053-0430-5@b精装@dCNY58.00
100    @a19921105d1989 em y0chiy0121 ea
101 0  @achi
102    @aCN@b110000
105    @ay g 000yy
200 10 @a电子元器件参数计量测试大全@ADIAN ZI YUAN QI JIAN CAN SHU JI LIANG CE SHI DA QUAN@f《电子元器件参数计量测试大全》编委会编@F《 DIAN ZI YUAN QI JIAN CAN SHU JI LIANG CE SHI DA QUAN 》 BIAN WEI HUI BIAN
210    @a北京@c电子工业出版社@d1989.9
215    @a771页@d26厘米
330    @a本书系统介绍了我国目前生产的27个大类的电子元器件的2700多个参数的名称、符号、定义和参数来源、以及这些参数的计量测试方法或测试原理图。
540 1  @a电子 元器件 参数 计量 测试@ADIAN ZI YUAN QI JIAN CAN SHU JI LIANG CE SHI
606    @a通信技术@x参数@x手册@x测试技术
606    @a电子器件@x参数@x手册
606 0  @a无线电技术@x测试技术
606 0  @a通信技术@x测试装置
606 0  @a无线电技术@x测试装置
690    @aTN607@v三版
690    @aTN06-62@v3
711 A2 @a本书编委会@ABEN SHU BIAN WEI HUI@4编
801  0 @aCN@bTSSF@c20061123
905    @a10447@dTN06-62@e44
    
    电子元器件参数计量测试大全/《电子元器件参数计量测试大全》编委会编.-北京:电子工业出版社,1989.9
    771页;26厘米
    
    
    ISBN 7-5053-0430-5(精装):CNY58.00
    本书系统介绍了我国目前生产的27个大类的电子元器件的2700多个参数的名称、符号、定义和参数来源、以及这些参数的计量测试方法或测试原理图。
●
相关链接 在E读中查询图书 在五车中查询图书 在当当中查询图书 在豆瓣中查询图书


正题名:电子元器件参数计量测试大全     索取号:TN06-62/44         预约/预借

序号 登录号 条形码 馆藏地/架位号 状态 备注
1 0232341   000560627   第二样本阅览室/ [索取号:TN06-62/44] 在馆    
唐山师范学院图书馆 欢迎您!
大连网信软件有限公司© 版权所有